000 00501nam a22001817a 4500
008 200708b xxu||||| |||| 00| 0 eng d
041 _aNep.
082 _2CD16583
100 _aSubedi, Radha
245 _aPokhara mahanagarpalikaka dalit jatiharuko samajik tatha aarthik avastha
260 _aPokhara:
_c2076.
502 _aDissertation
_bDegree in Sociology
_cPU
_d2076
546 _aNep.
650 _aDalit
650 _aSocial conditions
650 _aEconomic conditions
942 _2ddc
_cVM
999 _c96279
_d96268